| 000 | 00418nam a2200157 a 4500 | ||
|---|---|---|---|
| 001 | 991 | ||
| 003 | CDMR | ||
| 005 | 20131017181347.0 | ||
| 008 | 130130s1973||||||||||||||||||||||||||||d | ||
| 040 |
_aCDMR _bcat _cCDMR |
||
| 100 | 1 |
_aTorrents Sistero, Arturo _9774 |
|
| 245 | 1 | 3 |
_aEl mito de la objetividad de "Le Monde" _cArturo Torrents Sistero |
| 260 |
_aBarcelona _c1973 |
||
| 610 | 2 |
_94124 _aMonde (Diari) |
|
| 942 |
_cTSN _2udc |
||
| 999 |
_c991 _d991 |
||